The ECG In Practice/ (Record no. 1795)
[ view plain ]
| 000 -LEADER | |
|---|---|
| Fixed length control field | 00593nam a22002177a 4500 |
| 003 - CONTROL NUMBER IDENTIFIER | |
| Control field | IIN |
| 005 - DATE AND TIME OF LATEST TRANSACTION | |
| Control field | 20250506102626.0 |
| 008 - FIXED-LENGTH DATA ELEMENTS--GENERAL INFORMATION | |
| Fixed length control field | 250506s2013 |||ad||| |||| 001 0 eng d |
| 020 ## - INTERNATIONAL STANDARD BOOK NUMBER / ISBN | |
| International Standard Book Number | 9780702046445 |
| Price | £ 6.25 |
| 040 ## - CATALOGING SOURCE | |
| Original cataloging agency | IIN |
| 082 ## - DEWEY DECIMAL CLASSIFICATION NUMBER | |
| Classification number | 616.1207547 |
| Book Number | HAM |
| 100 ## - MAIN ENTRY--PERSONAL NAME | |
| Personal name | Hampton, John R. |
| 245 ## - TITLE STATEMENT | |
| Title | The ECG In Practice/ |
| Statement of responsibility | John R. Hampton; contributed by David Adlam |
| 250 ## - EDITION STATEMENT | |
| Edition statement | 6th ed. |
| 260 ## - IMPRINT | |
| Place of publication | Edinburgh |
| Name of publisher | Elsevier |
| Date of publication | 2013 |
| 300 ## - PHYSICAL DESCRIPTION | |
| Page / Vol. No | xii, 364 p. |
| Other physical details | ill. |
| 500 ## - GENERAL NOTE | |
| General note | Includes Index |
| 650 ## - SUBJECT ADDED ENTRY--TOPICAL TERM | |
| Topical term | ECG |
| Form subdivision | Medical-Surgical |
| General subdivision | Nursing |
| 700 ## - ADDED ENTRY--PERSONAL NAME | |
| Personal name | Adlam, David (con.) |
| 942 ## - ADDED ENTRY ELEMENTS (KOHA) | |
| Koha item type | Books |
| Withdrawn status | Lost status | Source of classification | Damaged status | Not for loan | Collection code | Home library | Current library | Shelving location | Date acquired | Total Checkouts | Call number | Accession number | Date last seen | Price effective from | Koha item type |
|---|---|---|---|---|---|---|---|---|---|---|---|---|---|---|---|
| Dewey Decimal Classification | Purches Book | IDEAL INSTITUTE OF NURSING | IDEAL INSTITUTE OF NURSING | General Stacks | 18/04/2025 | 616.1207547 HAM | 1988 | 06/05/2025 | 06/05/2025 | Books |
